header

Ceramics processing in microtechnology (Record no. 7618)

MARC details
000 -LEADER
fixed length control field 01285nam a2200325 a 4500
001 - CONTROL NUMBER
control field ebr10698314
003 - CONTROL NUMBER IDENTIFIER
control field CaPaEBR
006 - FIXED-LENGTH DATA ELEMENTS--ADDITIONAL MATERIAL CHARACTERISTICS--GENERAL INFORMATION
fixed length control field m o u
007 - PHYSICAL DESCRIPTION FIXED FIELD--GENERAL INFORMATION
fixed length control field cr cn|||||||||
008 - FIXED-LENGTH DATA ELEMENTS--GENERAL INFORMATION
fixed length control field 130524s2009 stk sb 001 0 eng d
020 ## - INTERNATIONAL STANDARD BOOK NUMBER
Cancelled/invalid ISBN 9781439808689
Cancelled/invalid ISBN 9781904445845
Cancelled/invalid ISBN 9781849950145 (e-book)
040 ## - CATALOGING SOURCE
Original cataloging agency CaPaEBR
Transcribing agency CaPaEBR
035 ## - SYSTEM CONTROL NUMBER
System control number (OCoLC)843860785
050 14 - LIBRARY OF CONGRESS CALL NUMBER
Classification number QC176.8.M5
Item number C47 2009eb
245 00 - TITLE STATEMENT
Title Ceramics processing in microtechnology
Medium [electronic resource] /
Statement of responsibility, etc edited by H.-J. Ritzhaupt-Kleissl, Per Johander.
260 ## - PUBLICATION, DISTRIBUTION, ETC. (IMPRINT)
Place of publication, distribution, etc Dunbeath, Scotland :
Name of publisher, distributor, etc Whittles Pub. ;
Place of publication, distribution, etc Boca Raton, Fla. :
Name of publisher, distributor, etc CRC Press,
Date of publication, distribution, etc 2009.
300 ## - PHYSICAL DESCRIPTION
Extent xx, 332 p.
504 ## - BIBLIOGRAPHY, ETC. NOTE
Bibliography, etc Includes bibliographical references and index.
533 ## - REPRODUCTION NOTE
Type of reproduction Electronic reproduction.
Place of reproduction Palo Alto, Calif. :
Agency responsible for reproduction ebrary,
Date of reproduction 2013.
Note about reproduction Available via World Wide Web.
-- Access may be limited to ebrary affiliated libraries.
650 #0 - SUBJECT ADDED ENTRY--TOPICAL TERM
Topical term or geographic name as entry element Micromechanics.
Topical term or geographic name as entry element Ceramic materials
General subdivision Microstructure.
Topical term or geographic name as entry element Microtechnology.
655 #7 - INDEX TERM--GENRE/FORM
Genre/form data or focus term Electronic books.
Source of term local
700 1# - ADDED ENTRY--PERSONAL NAME
Personal name Ritzhaupt-Kleissl, H.-J.
Personal name Johander, Per.
710 2# - ADDED ENTRY--CORPORATE NAME
Corporate name or jurisdiction name as entry element ebrary, Inc.
856 40 - ELECTRONIC LOCATION AND ACCESS
Uniform Resource Identifier <a href="http://site.ebrary.com/lib/rucke/Doc?id=10698314">http://site.ebrary.com/lib/rucke/Doc?id=10698314</a>
Public note An electronic book accessible through the World Wide Web; click to view

No items available.

© 2026 Rongo University
Contact us: librarian | system librarian | Rongo university